Pies & quiches / (Record no. 305465)
[ view plain ]
| 000 -LEADER | |
|---|---|
| fixed length control field | 00570nam a2200241Ia 4500 |
| 008 - FIXED-LENGTH DATA ELEMENTS--GENERAL INFORMATION | |
| fixed length control field | 170203s9999 xx 000 0 und d |
| 020 ## - INTERNATIONAL STANDARD BOOK NUMBER | |
| International Standard Book Number | 9789814361477 |
| 050 ## - LIBRARY OF CONGRESS CALL NUMBER | |
| Classification number | 641.8652 |
| 050 ## - LIBRARY OF CONGRESS CALL NUMBER | |
| Item number | .J86p 2012 |
| 100 ## - MAIN ENTRY--PERSONAL NAME | |
| Personal name | Jourdan, Andrea. |
| 245 ## - TITLE STATEMENT | |
| Title | Pies & quiches / |
| 245 ## - TITLE STATEMENT | |
| Statement of responsibility, etc | Andrea Jourdan. |
| 260 ## - PUBLICATION, DISTRIBUTION, ETC. (IMPRINT) | |
| Place of publication, distribution, etc | Singapore : |
| 260 ## - PUBLICATION, DISTRIBUTION, ETC. (IMPRINT) | |
| Name of publisher, distributor, etc | Marshall Cavendish Cuisine, |
| 260 ## - PUBLICATION, DISTRIBUTION, ETC. (IMPRINT) | |
| Date of publication, distribution, etc | 2012 |
| 300 ## - PHYSICAL DESCRIPTION | |
| Extent | 79 pages ; |
| 300 ## - PHYSICAL DESCRIPTION | |
| Other physical details | illustrations ; |
| 300 ## - PHYSICAL DESCRIPTION | |
| Dimensions | 17 cm. |
| 440 ## - SERIES STATEMENT/ADDED ENTRY--TITLE | |
| Title | Mini cookbooks. |
| 650 ## - SUBJECT ADDED ENTRY--TOPICAL TERM | |
| Topical term or geographic name as entry element | Pies. |
| 650 ## - SUBJECT ADDED ENTRY--TOPICAL TERM | |
| Topical term or geographic name as entry element | Quiches. |
| 650 ## - SUBJECT ADDED ENTRY--TOPICAL TERM | |
| General subdivision | cooking. |
| Withdrawn status | Lost status | Damaged status | Home library | Current library | Shelving location | Date acquired | Total Checkouts | Full call number | Barcode | Date last seen | Price effective from | Koha item type |
|---|---|---|---|---|---|---|---|---|---|---|---|---|
| Stonyhurst Southville International School (Batangas) | Stonyhurst Southville International School (Batangas) | 02/03/2017 | 641.8652 .J86p 2012 | US-1861 | 02/03/2017 | 02/03/2017 | Books |